Dzielnice Sopotu (z mapą) - Statystyki

Ogólne statystyki
  • Ten quiz został rozwiązany 49 razy
  • Średni wynik to 6 z 15
Odpowiedzi na mapie
Odpowiedzi zakodowano w zielono-czerwonej skali na mapie do tego quizu, zgodnie z poniższymi procentami.
 
Statystyki odpowiedzi
Dzielnica % Poprawnych
Kamienny Potok
93%
Brodwino
67%
Centrum
63%
Karlikowo
53%
Górny Sopot
50%
Przylesie
40%
Świemirowo
37%
Gręzowo
30%
Sopocki Las
30%
Dolny Sopot-Grunwaldzka
23%
Dolny Sopot Haffnera
23%
Osiedle Mickiewicza
23%
Centrum Południe
17%
Zajęcze Wzgórze
17%
Lisie Wzgórze
13%
Nie znaleziono quizów pasujących do podanych kryteriów
Rozkład punktacji
Procent ludzi z każdym wynikiem
Percentyl według liczby udzielonych odpowiedzi
Twoja historia wyników
Nie rozwiązałeś tego quizu